Prevencion en la niñez y en la juventud de las enfermedades cardiovasculares del adulto: es el momento de actuar. (Registro nro. 1512)

Detalles MARC
000 -LEADER
fixed length control field 01003nam a2200265 a 4500
003 - CONTROL NUMBER IDENTIFIER
control field OSt
005 - FECHA ULTIMA MODIFICACION
control field 20130625151403.0
008 - FIXED-LENGTH DATA ELEMENTS--GENERAL INFORMATION
fixed length control field 130625s1990 ag ||||| |||| 00| 0 spa d
022 ## - INTERNATIONAL STANDARD SERIAL NUMBER
International Standard Serial Number 92 4 320792 X
040 ## - CATALOGING SOURCE
Transcribing agency Biblioteca Medicina
041 ## - LANGUAGE CODE
Language code of text/sound track or separate title spa
082 ## - DEWEY DECIMAL CLASSIFICATION NUMBER
Classification number OMS IT 792
110 ## - MAIN ENTRY--CORPORATE NAME
Corporate name or jurisdiction name as entry element Organizacion Mundial de la Salud
9 (RLIN) 1006
245 00 - TITLE STATEMENT
Title Prevencion en la niñez y en la juventud de las enfermedades cardiovasculares del adulto: es el momento de actuar.
Remainder of title Informe de un Comite de Expertos de la OMS
250 ## - EDITION STATEMENT
Edition statement 1° ed.
260 ## - PUBLICATION, DISTRIBUTION, ETC. (IMPRINT)
Place of publication, distribution, etc Ginebra
Name of publisher, distributor, etc Organizacion Mundial de la Salud
Date of publication, distribution, etc 1990
300 ## - PHYSICAL DESCRIPTION
Extent 114 p.
440 00 - SERIES STATEMENT/ADDED ENTRY--TITLE
Title Informes Tecnicos
Number of part/section of a work 792
9 (RLIN) 2450
653 ## - INDEX TERM--UNCONTROLLED
Uncontrolled term ENFERMEDADES CARDIOVASCULARES-PREVENCION Y CONTROL
653 ## - INDEX TERM--UNCONTROLLED
Uncontrolled term PROMOCION DE LA SALUD
653 ## - INDEX TERM--UNCONTROLLED
Uncontrolled term ENFERMEDADES CARDIOVASCULARES-NIÑOS
653 ## - INDEX TERM--UNCONTROLLED
Uncontrolled term ENFERMEDADES CARDIOVASCULARES-ADOLESCENTES
942 ## - ADDED ENTRY ELEMENTS (KOHA)
Source of classification or shelving scheme Dewey Decimal Classification
Koha item type Hemeroteca
Existencias
Withdrawn status Lost status Fuente de clasificación Damaged status Not for loan Colección Ubicación permanente Ubicación actual Sala de ubicación Fecha de adquisición Total Checkouts Número de clasificación Código de barras Date last seen Número de ejemplar Price effective from Koha tipo de elemento (item)
    Dewey Decimal Classification     Non-fiction Biblioteca Medicina Biblioteca Medicina Circulación 25/06/2013   OMS IT 792 H0033 06/11/2014 Ej. 1 25/06/2013 Hemeroteca

UNIVERSIDAD NACIONAL DEL COMAHUE
Biblioteca de la Facultad de Ciencias Médicas
Sede Toschi: Los Arrayanes y Av. Toschi, Cipolletti  - Rio Negro
Sede Los Tordos:  Yrigoyen al 2211, Cipolletti - Rio Negro 

Teléfono: 0299 - 4774707 int 25
Contacto: biblioteca@facimed.uncoma.edu.ar
© 2011 - 2026